000 00494nam a2200205Ia 4500
003 0100
008 130303s9999 xx 000 0 und d
040 _cARRUPELIB
050 _aREF. PA2365.L3C3 1960
100 _aSimpson , D.P
245 _aCassell's new Latin dictionary
260 _aNew york
260 _bFunk Wagnalls
260 _C1960
300 _axviii
300 _b 883p. 24cm.
650 _aLANGUAGE
650 _bSpiritual exercises -- Commentaries
942 0 0 _04
999 _c46209
_d46209